Vzácná zvířata /

Uloženo v:
Hlavní autor: Hédelin, Pascale (Autor)
Další autoři: Tisserand, Camille, 1988- (Autor), Vyskočil, Josef (Ilustrátor)
Médium: Kniha
Jazyk:Czech
Vydáno: Praha : Svojtka & Co., 2022
Vydání:První české vydání
Edice:Poznávej dotykem
Témata:
Celkem bylo vypůjčeno:0x
Příbuzné jednotky:Přeloženo z: Mes docus à toucher
Tagy:
Žádné tagy
LEADER 01947nam a2200517 i 4500
001 106283
003 CZ PrNK
005 20260511105225.0
007 ta
008 220720s2022 xr a a 000 0 cze
015 |a cnb003421339 
020 |a 9788025630938  |q (vázáno) 
040 |a ABG001  |b cze  |d BOA001  |e rda 
041 1 |a cze  |h fre 
072 7 |a 59  |x Zoologie  |2 Konspekt  |9 2 
072 7 |a 0/9-053.2  |x Literatura pro děti a mládež (naučná)  |2 Konspekt  |9 26 
080 |a 592/599-022.251  |2 MRF 
080 |a (0.02)159.935  |2 MRF 
080 |a (0.025.2)  |2 MRF 
080 |a (0.053.2)  |2 MRF 
100 1 |a Hédelin, Pascale  |7 xx0275010  |4 aut  |9 117318 
240 1 0 |a Animaux à protéger.  |l Česky 
245 1 0 |a Vzácná zvířata /  |c Pascale Hédelin, Camille Tisserand 
250 |a První české vydání 
264 1 |a Praha :  |b Svojtka & Co.,  |c 2022 
300 |a 14 nečíslovaných stran :  |b barevné ilustrace ;  |c 21 x 24 cm 
336 |a text  |b txt  |2 rdacontent 
336 |a statický obraz  |b sti  |2 rdacontent 
337 |a bez média  |b n  |2 rdamedia 
338 |a svazek  |b nc  |2 rdacarrier 
490 1 |a Poznávej dotykem 
500 |a Text Pascale Hédelin, ilustrace Camille Tisserand 
500 |a Z francouzštiny přeložil Josef Vyskočil 
500 |a Kartonové listy s odklápěcími okénky a výřezy s hmatovými prvky 
650 0 7 |a vzácní živočichové  |7 ph899451  |2 czenas  |9 106117 
655 7 |a taktilní knihy  |7 fd1019934  |2 czenas 
655 7 |a leporela  |7 fd132727  |2 czenas  |9 53691 
655 7 |a publikace pro děti  |7 fd133156  |2 czenas  |9 23 
700 1 |a Tisserand, Camille,  |d 1988-  |7 xx0243383  |4 ill  |9 117319 
700 1 |a Vyskočil, Josef  |7 ola2002106761  |4 trl  |9 108163 
765 0 |t Mes docus à toucher 
830 0 |a Poznávej dotykem 
910 |a UOG502 
942 |2 ddc  |c KN 
999 |d 106283 
993 |0 0  |1 421180107007  |2 ddc  |4 0  |7 0  |9 99650  |b 0  |c 107007  |d 2026-05-11  |e 0  |f M  |h 299.00  |i Koupě  |l M  |r 2026-05-11  |t 7  |w 2026-05-11  |y KN  |z LEPO  |n